| 000 | 00517nam a2200169Ia 4500 | ||
|---|---|---|---|
| 003 | SGT | ||
| 020 | _a9788120316850 | ||
| 082 |
_a621.3821 _bAID |
||
| 100 | _aAidarous,Salah | ||
| 245 | _aTelecommunications networks management | ||
| 260 |
_bPHI Learning Private Limited _aNew Delhi _c1998 |
||
| 300 | _a320p. | ||
| 650 | _aELECTRICAL ENGINEERING | ||
| 653 | _aGUEST INTRODUCTION,INFORMATION MODELLING AND ITS ROLE IN NETWORK MANAGEMENT,MANAGEMENT OF CATV NETWORK | ||
| 700 | _aPlevyak,Thomas | ||
| 942 |
_2ddc _cBK |
||
| 999 |
_c5070 _d5070 |
||